Gold catalysis: alkylideneoxazolines and -oxazoles from intramolecular hydroamination of an alkyne by a trichloroacetimidate
Saved in:
| Other Authors: | , |
|---|---|
| Format: | Article (Journal) |
| Language: | English |
| Published: |
2006
|
| In: |
European journal of organic chemistry
Year: 2006, Issue: 21, Pages: 4905-4909 |
| ISSN: | 1434-193X |
| Online Access: |
|
| Author Notes: | A. Stephen K. Hashmi; Matthias Rudolph ... |
MARC
| LEADER | 00000caa a22000002c 4500 | ||
|---|---|---|---|
| 001 | 1630618721 | ||
| 003 | DE-627 | ||
| 005 | 20230427035551.0 | ||
| 007 | tu | ||
| 008 | 121130s2006 xx ||||| 00| ||eng c | ||
| 024 | 7 | |a 117095515 |2 swets | |
| 035 | |a (DE-627)1630618721 | ||
| 035 | |a (DE-576)375948163 | ||
| 035 | |a (DE-599)BSZ375948163 | ||
| 035 | |a (OCoLC)1341049066 | ||
| 040 | |a DE-627 |b ger |c DE-627 |e rakwb | ||
| 041 | |a eng | ||
| 084 | |a 30 |2 sdnb | ||
| 245 | 0 | 0 | |a Gold catalysis: alkylideneoxazolines and -oxazoles from intramolecular hydroamination of an alkyne by a trichloroacetimidate |c A. Stephen K. Hashmi; Matthias Rudolph ... |
| 264 | 1 | |c 2006 | |
| 300 | |a 5 | ||
| 336 | |a Text |b txt |2 rdacontent | ||
| 337 | |a ohne Hilfsmittel zu benutzen |b n |2 rdamedia | ||
| 338 | |a Band |b nc |2 rdacarrier | ||
| 700 | 1 | |a Hashmi, A. Stephen K. |d 1963- |0 (DE-588)101199576X |0 (DE-627)704823926 |0 (DE-576)169176665 |4 oth | |
| 700 | 1 | |a Rudolph, Matthias |d 1975- |0 (DE-588)136790380 |0 (DE-627)587252405 |0 (DE-576)301277524 |4 oth | |
| 773 | 0 | 8 | |i In |t European journal of organic chemistry |d Weinheim : Wiley VCZ, 1998 |g (2006), 21, Seite 4905-4909 |w (DE-627)23976899X |w (DE-600)1410000-9 |w (DE-576)064130681 |x 1434-193X |7 nnas |a Gold catalysis: alkylideneoxazolines and -oxazoles from intramolecular hydroamination of an alkyne by a trichloroacetimidate |
| 773 | 1 | 8 | |g year:2006 |g number:21 |g pages:4905-4909 |g extent:5 |a Gold catalysis: alkylideneoxazolines and -oxazoles from intramolecular hydroamination of an alkyne by a trichloroacetimidate |
| 951 | |a AR | ||
| 992 | |a 20121130 | ||
| 993 | |a Article | ||
| 994 | |a 2006 | ||
| 998 | |g 136790380 |a Rudolph, Matthias |m 136790380:Rudolph, Matthias |d 910000 |d 950000 |d 950950 |e 910000PR136790380 |e 950000PR136790380 |e 950950PR136790380 |k 0/910000/ |k 1/910000/950000/ |k 2/910000/950000/950950/ |p 2 | ||
| 998 | |g 101199576X |a Hashmi, A. Stephen K. |m 101199576X:Hashmi, A. Stephen K. |d 910000 |d 950000 |d 950950 |e 910000PH101199576X |e 950000PH101199576X |e 950950PH101199576X |k 0/910000/ |k 1/910000/950000/ |k 2/910000/950000/950950/ |p 1 |x j | ||
| 999 | |a KXP-PPN1630618721 |e 3280300169 | ||
| BIB | |a Y | ||
| SER | |a journal | ||
| JSO | |a {"type":{"bibl":"article-journal"},"title":[{"title":"Gold catalysis: alkylideneoxazolines and -oxazoles from intramolecular hydroamination of an alkyne by a trichloroacetimidate","title_sort":"Gold catalysis: alkylideneoxazolines and -oxazoles from intramolecular hydroamination of an alkyne by a trichloroacetimidate"}],"physDesc":[{"extent":"5 S."}],"person":[{"family":"Hashmi","role":"oth","given":"A. Stephen K.","display":"Hashmi, A. Stephen K."},{"family":"Rudolph","role":"oth","given":"Matthias","display":"Rudolph, Matthias"}],"language":["eng"],"relHost":[{"recId":"23976899X","type":{"bibl":"periodical"},"titleAlt":[{"title":"EurJOC"}],"title":[{"subtitle":"EurJOC","title":"European journal of organic chemistry","title_sort":"European journal of organic chemistry"}],"physDesc":[{"noteFormat":"28 cm"}],"part":{"text":"(2006), 21, Seite 4905-4909","issue":"21","pages":"4905-4909","extent":"5","year":"2006"},"note":["2016 Fortgesetzt als Online-Ausgabe"],"origin":[{"dateIssuedDisp":"1998-[2015]","dateIssuedKey":"1998","publisherPlace":"Weinheim ; Weinheim","publisher":"Wiley VCZ ; Wiley-VCH Verl."}],"language":["eng"],"id":{"eki":["23976899X"],"issn":["1434-193X"],"zdb":["1410000-9"]},"pubHistory":["1998-2015, 36 (3rd December issue 2015)"],"disp":"Gold catalysis: alkylideneoxazolines and -oxazoles from intramolecular hydroamination of an alkyne by a trichloroacetimidateEuropean journal of organic chemistry"}],"recId":"1630618721","name":{"displayForm":["A. Stephen K. Hashmi; Matthias Rudolph ..."]},"origin":[{"dateIssuedKey":"2006","dateIssuedDisp":"2006"}],"id":{"eki":["1630618721"]}} | ||
| SRT | |a GOLDCATALY2006 | ||